| 000 | 01270cam a2200337 i 4500 | ||
|---|---|---|---|
| 999 |
_c200442213 _d60425 |
||
| 001 | 200442213 | ||
| 003 | TR-AnTOB | ||
| 005 | 20230530001115.0 | ||
| 007 | ta | ||
| 008 | 170106s1988 tu 100 0 tur d | ||
| 035 | _a(TR-AnTOB)200442213 | ||
| 040 |
_aSULEY _beng _erda _cSULEY _dTR-AnTOB |
||
| 041 | 0 | _atur | |
| 050 | 1 | 4 |
_aHD3531.93.A4 _bY37 1988 |
| 090 |
_aHD3531.93.A4 _bY37 1988 |
||
| 111 | 2 |
_aYapı Kooperatiflerinde İşlemlerin Muhasebeleştirilmesi ve Vergilendirilmesi Semineri _d(1988 : _cİstanbul) _9131616 |
|
| 245 | 1 | 0 |
_aYapı Kooperatiflerinde İşlemlerin Muhasebeleştirilmesi ve Vergilendirilmesi : _bseminer, 1 Haziran 1988. |
| 264 | 1 |
_aİstanbul : _bİstanbul Ticaret Odası, _c1988. |
|
| 300 |
_a88 pages ; _c24 cm |
||
| 336 |
_atext _btxt _2rdacontent |
||
| 337 |
_aunmediated _bn _2rdamedia |
||
| 338 |
_avolume _bnc _2rdacarrier |
||
| 338 |
_aonline resource _bcr _2rdacarrier |
||
| 490 | 0 |
_aİstanbul Ticaret Odası yayınları ; _vno. 1988-23. |
|
| 650 | 7 |
_aKooperatifler _xMuhasebe _zTürkiye _vKongreler _2etuturkob _9131617 |
|
| 650 | 7 |
_aKooperatifler _xVergilendirme _zTürkiye _vKongreler _2etuturkob _9131618 |
|
| 710 | 2 |
_aİstanbul Ticaret Odası _919571 |
|
| 942 |
_2lcc _cBK |
||